[Event "Titled Tuesday intern op 08th Nov Late"]
[Site "Chess.com INT"]
[Date "2022.11.08"]
[Round "1"]
[White "Ristic, Nebojsa M"]
[Black "Curtis, John"]
[Result "1-0"]
[WhiteElo "2335"]
[BlackElo "2292"]
[PlyCount "153"]
[EventDate "2022.11.08"]
[EventType "swiss (blitz)"]
[EventRounds "11"]
[EventCountry "USA"]
[SourceTitle "EXT 2024"]
[Source "ChessBase"]
[SourceDate "2023.10.10"]
[SourceVersion "1"]
[SourceVersionDate "2023.10.10"]
[SourceQuality "1"]

1. d4 Nf6 2. Bf4 d6 3. Nc3 g6 4. e4 Bg7 5. Qd2 c6 6. f3 h5 7. 0-0-0 a6 8. Bd3 b5 9. e5 dxe5 10. dxe5 Nd5 11. Nxd5 cxd5 12. Ne2 Nc6 13. Qe3 e6 14. Kb1 Rb8 15. Bg5 Qb6 16. Qxb6 Rxb6 17. f4 Nb4 18. Nd4 Nxd3 19. cxd3 Kd7 20. Rc1 Rb7 21. Nb3 Rc7 22. Rxc7+ Kxc7 23. Rc1+ Kd7 24. d4 Bf8 25. Bf6 Rg8 26. a3 Bh6 27. g3 g5 28. Nc5+ Ke8 29. fxg5 Bxg5 30. Bxg5 Rxg5 31. Rf1 Rg4 32. Rf4 Rxf4 33. gxf4 f6 34. Kc2 Kf7 35. Kd3 fxe5 36. fxe5 Kg6 37. Ke3 Kg5 38. Kf3 a5 39. b4 axb4 40. axb4 Kh4 41. Kg2 Kg4 42. Nd3 Bd7 43. h3+ Kh4 44. Nf4 Kg5 45. Kf3 Kh4 46. Kg2 Kg5 47. Kg3 h4+ 48. Kf3 Kf5 49. Ke3 Be8 50. Ne2 Bh5 51. Nc3 Bg4 52. hxg4+ Kxg4 53. Kf2 h3 54. Nxb5 Kf4 55. Nd6 h2 56. Kg2 Ke3 57. b5 Kxd4 58. b6 Kxe5 59. Nf7+ Kf6 60. b7 h1Q+ 61. Kxh1 Kxf7 62. b8Q Kf6 63. Qf4+ Ke7 64. Qe5 Kd7 65. Kg2 Kc6 66. Kf2 Kc5 67. Ke3 Kc4 68. Qxe6 Kc5 69. Kd3 d4 70. Qe5+ Kc6 71. Kxd4 Kd7 72. Qf6 Kc7 73. Qe6 Kb7 74. Kc5 Kc7 75. Qf7+ Kd8 76. Kd6 Kc8 77. Qc7# 1-0

[Event "Titled Tuesday intern op 08th Nov Late"]
[Site "Chess.com INT"]
[Date "2022.11.08"]
[Round "2"]
[White "Ristic, Nebojsa M"]
[Black "Gareyev, Timur"]
[Result "0-1"]
[WhiteElo "2335"]
[BlackElo "2602"]
[PlyCount "126"]
[EventDate "2022.11.08"]
[EventType "swiss (blitz)"]
[EventRounds "11"]
[EventCountry "USA"]
[SourceTitle "EXT 2024"]
[Source "ChessBase"]
[SourceDate "2023.10.10"]
[SourceVersion "1"]
[SourceVersionDate "2023.10.10"]
[SourceQuality "1"]

1. d4 Nf6 2. Bf4 b6 3. Nf3 Bb7 4. e3 d6 5. Nbd2 Nbd7 6. h3 g6 7. Be2 Bg7 8. c3 c5 9. 0-0 0-0 10. a4 a6 11. Bh2 Bc6 12. Qb3 Qc7 13. Rfc1 Rfb8 14. Qd1 Qb7 15. Qf1 b5 16. axb5 axb5 17. Rxa8 Rxa8 18. Ra1 Rxa1 19. Qxa1 c4 20. Qa5 Nb6 21. Ne1 Nfd7 22. Bf3 d5 23. b3 e6 24. Bd6 Bf6 25. Nc2 Nc8 26. Bf4 Qb6 27. Qxb6 Ndxb6 28. Nb4 Bb7 29. bxc4 bxc4 30. e4 Be7 31. Na2 Nd6 32. e5 Nb5 33. Bd1 Ba3 34. Nb1 Bb2 35. Bc1 Ba1 36. Kf1 Bc6 37. Ke2 Bd7 38. Kd2 Nc7 39. Ba3 Ba4 40. Bxa4 Nxa4 41. Kc2 Nb5 42. Bb4 h5 43. Na3 Naxc3 44. Bxc3 Nxa3+ 45. Kc1 Nb5 46. Bxa1 f6 47. exf6 Kf7 48. Kd2 Kxf6 49. Ke3 Kf5 50. Nc3 Na3 51. Ne2 Nc2+ 52. Kd2 Nxa1 53. f3 Nb3+ 54. Kc3 e5 55. dxe5 Kxe5 56. g4 h4 57. Kc2 Nd4+ 58. Nxd4 Kxd4 59. f4 Ke4 60. f5 gxf5 61. g5 Ke5 62. g6 Kf6 63. g7 Kxg7 0-1

[Event "Titled Tuesday intern op 08th Nov Early"]
[Site "Chess.com INT"]
[Date "2022.11.08"]
[Round "7"]
[White "Ristic, Nebojsa M"]
[Black "Osmonbekov, Talaibek D"]
[Result "1-0"]
[WhiteElo "2335"]
[BlackElo "2137"]
[PlyCount "59"]
[EventDate "2022.11.08"]
[EventType "swiss (blitz)"]
[EventRounds "11"]
[EventCountry "USA"]
[SourceTitle "EXT 2024"]
[Source "ChessBase"]
[SourceDate "2023.10.10"]
[SourceVersion "1"]
[SourceVersionDate "2023.10.10"]
[SourceQuality "1"]

1. d4 e6 2. Bf4 f5 3. e3 Nf6 4. Nf3 g6 5. h3 Bg7 6. c4 0-0 7. Nc3 d6 8. Bh2 Qe7 9. Be2 Nc6 10. d5 Nd8 11. dxe6 Bxe6 12. Nd5 Qd7 13. 0-0 Ne4 14. Qc2 Nf7 15. Rad1 Rad8 16. Nf4 Qe7 17. Nxe6 Qxe6 18. Nd4 Qe7 19. Nb5 a6 20. Nd4 Ne5 21. Nf3 h6 22. Rd5 c6 23. Rdd1 g5 24. Nd4 Qf7 25. b4 Qg6 26. f3 Nf6 27. Qxf5 Qxf5 28. Nxf5 Ne8 29. Nxg7 Kxg7 30. Bxe5+ 1-0

[Event "Titled Tuesday intern op 08th Nov Late"]
[Site "Chess.com INT"]
[Date "2022.11.08"]
[Round "3"]
[White "Romero Ruscalleda, Josep"]
[Black "Ristic, Nebojsa M"]
[Result "0-1"]
[WhiteElo "2193"]
[BlackElo "2335"]
[PlyCount "76"]
[EventDate "2022.11.08"]
[EventType "swiss (blitz)"]
[EventRounds "11"]
[EventCountry "USA"]
[SourceTitle "EXT 2024"]
[Source "ChessBase"]
[SourceDate "2023.10.10"]
[SourceVersion "1"]
[SourceVersionDate "2023.10.10"]
[SourceQuality "1"]

1. e4 Nc6 2. d4 d6 3. Nf3 Nf6 4. Nc3 g6 5. Bc4 Bg7 6. 0-0 0-0 7. h3 Nxe4 8. Bxf7+ Rxf7 9. Nxe4 d5 10. Nc5 Qd6 11. c3 e5 12. Be3 e4 13. Nh2 h5 14. Qd2 b6 15. Nb3 Ba6 16. Rfe1 Raf8 17. a4 Ne7 18. a5 Bc4 19. Ra3 Nf5 20. Bf4 Qd7 21. axb6 axb6 22. Ra7 Bxb3 23. Rxc7 Qe6 24. Rxf7 Qxf7 25. Ra1 Nxd4 26. Bd6 Nc2 27. Ra6 Bh6 28. f4 Bxf4 29. Bxf4 Qxf4 30. Qxf4 Rxf4 31. Rxb6 Bc4 32. Rxg6+ Kh7 33. Rd6 e3 34. Nf3 e2 35. Ng5+ Kg7 36. Ne6+ Kf7 37. Nxf4 e1Q+ 38. Kh2 Qe5 0-1

[Event "Titled Tuesday intern op 01st Nov Early"]
[Site "Chess.com INT"]
[Date "2022.11.01"]
[Round "2"]
[White "Ristic, Nebojsa M"]
[Black "Makhmudov, Shukhrat"]
[Result "1-0"]
[WhiteElo "2335"]
[BlackElo "2115"]
[PlyCount "77"]
[EventDate "2022.11.01"]
[EventType "swiss (blitz)"]
[EventRounds "11"]
[EventCountry "USA"]
[SourceTitle "EXT 2024"]
[Source "ChessBase"]
[SourceDate "2023.10.10"]
[SourceVersion "1"]
[SourceVersionDate "2023.10.10"]
[SourceQuality "1"]

1. d4 Nf6 2. Bf4 d5 3. e3 c5 4. Nf3 Nc6 5. Nbd2 Bf5 6. c3 e6 7. dxc5 Bxc5 8. Nd4 Nxd4 9. exd4 Be7 10. Bb5+ Nd7 11. Nf3 0-0 12. 0-0 Bg4 13. h3 Bh5 14. Be2 Qb6 15. Qb3 Qxb3 16. axb3 a6 17. b4 f6 18. g4 Bf7 19. Nd2 e5 20. Be3 h6 21. Nb3 Rfe8 22. Rfe1 Nf8 23. Bf1 e4 24. Bf4 Ne6 25. Bg3 Ng5 26. Bg2 Red8 27. h4 Ne6 28. f3 exf3 29. Bxf3 Rd7 30. Re2 Bd6 31. Bxd6 Rxd6 32. Rae1 Nf4 33. Re3 g5 34. h5 Be6 35. Nc5 b6 36. Nxe6 Nxe6 37. Rxe6 Rxe6 38. Rxe6 a5 39. Bxd5 1-0